| 000 | 00627nam a2200217 a 4500 | ||
|---|---|---|---|
| 005 | 20250903063925.0 | ||
| 008 | 040123s2002 mx r 000 0 spa d | ||
| 020 | _a8483165805 | ||
| 035 | _aUPN01000131477 | ||
| 049 | _aCG | ||
| 050 | 4 |
_aLB2806.15 _bD5.8 |
|
| 245 | 0 | 0 |
_aDiversidad con calidad : _bprogramación flexible / _ccoord. Luis Alvarez. |
| 260 |
_aMadrid : _bCCS, _c2002. |
||
| 300 | _a220 p. | ||
| 440 | 0 |
_aCampus ; _v26 |
|
| 650 | 2 |
_aPlanificación curricular _95734 |
|
| 650 | 4 |
_aDiseño curricular _96719 |
|
| 650 | 2 |
_aDesarrollo curricular _9405 |
|
| 700 | 1 |
_aAlvarez Pérez, Luis, _ecoord. |
|
| 905 | _aLibro | ||
| 999 |
_c103632 _d103632 |
||